|
|
|
|
| LEADER |
00000nab a2200000 a 4500 |
| 001 |
vtls000461345 |
| 003 |
SK-MaSNL |
| 005 |
20260304082027.0 |
| 008 |
250424c1992 xo 0 slo |
| 015 |
|
|
|a SNBRB19rr/mm-uuuuu
|
| 035 |
|
|
|a CL0461477
|
| 035 |
|
|
|a urn:nbn:sk:snk-ab7af5
|
| 035 |
|
|
|a (uuid)284aed54-e96a-41fa-b02d-b441b44d7f23
|
| 035 |
|
|
|a (urnnbn)urn:nbn:sk:snk:ar-a07dk1
|
| 035 |
|
|
|a (sysno)vtls000461345
|
| 040 |
|
|
|a SNKBUCL
|b slo
|c SNKBUCL
|e AACR2
|
| 041 |
0 |
|
|a slo
|
| 044 |
|
|
|a xo
|c SK
|
| 080 |
|
|
|a 612.825.5
|2 1981
|
| 245 |
0 |
0 |
|a M. Phillipi-Eisenburger: Motologie
|
| 650 |
0 |
7 |
|a motológia
|2 snkbucl
|9 1371256
|
| 655 |
|
7 |
|a články z novín a časopisov
|2 snkbucl
|9 267496
|
| 700 |
1 |
|
|a Phillipi-Eisenburger, M.
|4 aut
|9 1371257
|
| 773 |
0 |
|
|t EUROREHAB
|g Č. 3 (1992), s. 150
|
| 787 |
0 |
8 |
|i Rec.:
|a Phillipi-Eisenburger, M.
|t Motologie
|d Schorndorf : Verlag Hoffmann, 1991
|
| 850 |
|
|
|a Slovenská národná knižnica
|
| 852 |
|
|
|a Slovenská národná knižnica
|
| 954 |
|
|
|a odborná, vedecká literatúra pôvodná (slovenská)
|2 lita
|
| 958 |
|
|
|a article27
|
| 958 |
|
|
|a OND
|
| 958 |
|
|
|a RK
|
| 958 |
|
|
|a MI
|
| 958 |
|
|
|a EUIPO
|
| 992 |
|
|
|a RBX
|
| 999 |
|
|
|c 2793513
|d 2795443
|